000
00315nam a22001457a 4500
020
_a
-
082
_a
297.63 ARI
100
_a
Arif, Mehmood Siddiqui
245
_a
Gulistan Darud Sharif (Urdu)
260
_a
Pakistan
_b
-
_c
-
300
_a
96 p.
500
_a
Includes index.
650
_a
Darud Sharif
942
_c
BK
999
_c
13413
_d
13413